000 00316nam a2200121Ia 4500
005 20251222144751.0
008 251222s9999||||xx |||||||||||||| ||spa||
082 _a985/Q74
100 _aQuiroz Paz Soldán, Eusebio
245 0 _aPara Enseñar Historia del Perú
264 _bCooperativa Universitaria
942 _cLIB
999 _c19355
_d19355